[Event "GER-chT U20"]
[Site "Chemnitz"]
[Date "2009.12.29"]
[Round "6.2"]
[White "Brede, Fabian"]
[Black "Luo, Xinping"]
[Result "1/2-1/2"]
[WhiteElo "1840"]
[BlackElo "2130"]
[PlyCount "52"]
[EventDate "2009.12.27"]
[EventType "team-swiss"]
[EventRounds "7"]
[EventCountry "GER"]
[SourceTitle "EXT 2022"]
[Source "ChessBase"]
[SourceDate "2021.10.06"]
[SourceVersion "1"]
[SourceVersionDate "2021.10.06"]
[SourceQuality "1"]
[WhiteTeam "Walldorf U20"]
[BlackTeam "Heilbronn U20"]
[WhiteTeamCountry "GER"]
[BlackTeamCountry "GER"]

1. d4 d5 2. c4 e5 3. dxe5 d4 4. Nf3 Nc6 5. g3 Nge7 6. Bg2 Ng6 7. Bg5 Qd7 8. 0-0 h6 9. Bc1 Ngxe5 10. Nbd2 Be7 11. b3 0-0 12. Bb2 Nxf3+ 13. Nxf3 Rd8 14. a3 a5 15. Qc2 Qf5 16. Rac1 Qxc2 17. Rxc2 d3 18. exd3 Rxd3 19. Rc3 Rxc3 20. Bxc3 Bxa3 21. Re1 Be6 22. Ne5 Nxe5 23. Rxe5 a4 24. b4 Bc1 25. Bxb7 Rb8 26. Bd5 Bxd5 1/2-1/2

[Event "GER-chT U20"]
[Site "Chemnitz"]
[Date "2009.12.29"]
[Round "5.2"]
[White "Brede, Fabian"]
[Black "Schnoor, Ekkehard"]
[Result "1/2-1/2"]
[WhiteElo "1840"]
[BlackElo "1997"]
[PlyCount "74"]
[EventDate "2009.12.27"]
[EventType "team-swiss"]
[EventRounds "7"]
[EventCountry "GER"]
[SourceTitle "EXT 2022"]
[Source "ChessBase"]
[SourceDate "2021.10.06"]
[SourceVersion "1"]
[SourceVersionDate "2021.10.06"]
[SourceQuality "1"]
[WhiteTeam "Walldorf U20"]
[BlackTeam "Dresden Gruen Weiss U20"]
[WhiteTeamCountry "GER"]
[BlackTeamCountry "GER"]

1. d4 Nf6 2. c4 g6 3. Nc3 Bg7 4. g3 0-0 5. Bg2 d6 6. Nf3 Nbd7 7. 0-0 e5 8. e4 exd4 9. Nxd4 a6 10. b3 Re8 11. Re1 Rb8 12. Bb2 c6 13. Qd2 Qc7 14. Rad1 Bf8 15. h3 Nc5 16. Nf5 Bxf5 17. exf5 Rxe1+ 18. Rxe1 Re8 19. Rxe8 Nxe8 20. fxg6 hxg6 21. Ne4 Nxe4 22. Bxe4 Qe7 23. Bf3 Bg7 24. Bxg7 Nxg7 25. Qe2 Qe5 26. Qxe5 dxe5 27. Kf1 Ne6 28. Ke2 f5 29. Ke3 Kf7 30. h4 Kf6 31. b4 e4 32. Bd1 c5 33. bxc5 Ke5 34. f4+ exf3 35. Bxf3 Nxc5 36. Bd5 b6 37. Bf7 Kf6 1/2-1/2

[Event "GER-chT U20"]
[Site "Chemnitz"]
[Date "2009.12.27"]
[Round "2.2"]
[White "Paul, Johannes"]
[Black "Brede, Fabian"]
[Result "1-0"]
[WhiteElo "2142"]
[BlackElo "1840"]
[PlyCount "45"]
[EventDate "2009.12.27"]
[EventType "team-swiss"]
[EventRounds "7"]
[EventCountry "GER"]
[SourceTitle "EXT 2022"]
[Source "ChessBase"]
[SourceDate "2021.10.06"]
[SourceVersion "1"]
[SourceVersionDate "2021.10.06"]
[SourceQuality "1"]
[WhiteTeam "Magdeburg Aufbau Elbe U20"]
[BlackTeam "Walldorf U20"]
[WhiteTeamCountry "GER"]
[BlackTeamCountry "GER"]

1. c4 Nf6 2. Nf3 e6 3. g3 b6 4. Bg2 Bb7 5. 0-0 Be7 6. Nc3 0-0 7. d4 d5 8. cxd5 Nxd5 9. Qc2 c5 10. dxc5 bxc5 11. Rd1 Nd7 12. e4 Nxc3 13. Qxc3 Bxe4 14. Ne5 Bxg2 15. Rxd7 Qxd7 16. Nxd7 Rfd8 17. Kxg2 Rxd7 18. Be3 Rc8 19. Qc2 Rd5 20. Rd1 h6 21. Rxd5 exd5 22. Kf3 Kf8 23. Qh7 1-0

[Event "GER-chT U20"]
[Site "Arendsee"]
[Date "2008.12.30"]
[Round "7.5"]
[White "Leschner, Marius"]
[Black "Brede, Fabian"]
[Result "0-1"]
[WhiteElo "1884"]
[BlackElo "1635"]
[PlyCount "38"]
[EventDate "2008.12.27"]
[EventType "team-swiss"]
[EventRounds "7"]
[EventCountry "GER"]
[SourceTitle "CBM 128 Extra"]
[Source "ChessBase"]
[SourceDate "2009.03.05"]
[SourceVersion "2"]
[SourceVersionDate "2009.03.25"]
[SourceQuality "1"]
[WhiteTeam "Chemnitz USG"]
[BlackTeam "Walldorf"]
[WhiteTeamCountry "GER"]
[BlackTeamCountry "GER"]

1. e4 c5 2. Nc3 Nc6 3. f4 d6 4. Nf3 Bg4 5. h3 Bxf3 6. Qxf3 Nd4 7. Qd1 e6 8. Bc4 Qh4+ 9. Kf1 Qxf4+ 10. Kg1 Be7 11. d3 Qg3 12. Qf1 Nf6 13. Nb5 0-0 14. Bf4 Qxf4 15. Qxf4 Ne2+ 16. Kf2 Nxf4 17. Kf3 Ng6 18. Bb3 a6 19. Nc7 Ra7 0-1

[Event "GER-chT U20"]
[Site "Arendsee"]
[Date "2008.12.27"]
[Round "1.6"]
[White "Klobuschinski, Lukas"]
[Black "Brede, Fabian"]
[Result "1-0"]
[WhiteElo "1854"]
[BlackElo "1635"]
[PlyCount "65"]
[EventDate "2008.12.27"]
[EventType "team-swiss"]
[EventRounds "7"]
[EventCountry "GER"]
[SourceTitle "CBM 128 Extra"]
[Source "ChessBase"]
[SourceDate "2009.03.05"]
[SourceVersion "2"]
[SourceVersionDate "2009.03.25"]
[SourceQuality "1"]
[WhiteTeam "Brackel"]
[BlackTeam "Walldorf"]
[WhiteTeamCountry "GER"]
[BlackTeamCountry "GER"]

1. e4 c5 2. Nf3 d6 3. d4 cxd4 4. Nxd4 Nf6 5. Nc3 a6 6. Be3 e6 7. Be2 Be7 8. 0-0 0-0 9. f4 Qc7 10. Bf3 Bd7 11. g4 Nc6 12. g5 Ne8 13. Qe1 f5 14. exf5 Nxd4 15. Bxd4 Rxf5 16. Bg4 Qc4 17. Rd1 Rf8 18. Qe4 Qc8 19. Rd3 Nc7 20. Rh3 g6 21. Rff3 Bc6 22. Rxh7 Rf5 23. Rfh3 e5 24. Rh8+ Kf7 25. R3h7+ Ke6 26. Bxf5+ gxf5 27. Rh6+ Kf7 28. g6+ Kg7 29. R8h7+ Kg8 30. Rh8+ Kg7 31. Bxe5+ Bf6 32. Bxf6+ Kxf6 33. Qd4+ 1-0